Understanding Japan / (Record no. 147385)

MARC details
000 -LEADER
campo de control de longitud fija 00509nam a2200169 i 4500
001 - NÚMERO DE CONTROL
campo de control 147385
003 - IDENTIFICADOR DE NÚMERO DE CONTROL
campo de control ES-MaACL
005 - FECHA Y HORA DE LA ÚLTIMA TRANSACCIÓN
campo de control 20230906201954.0
007 - CAMPO FIJO DE DESCRIPCIÓN FÍSICA--INFORMACIÓN GENERAL
campo de control de longitud fija t|
008 - DATOS DE LONGITUD FIJA--INFORMACIÓN GENERAL
campo de control de longitud fija 070928s1977 ch ||||1| eng d
080 ## - NÚMERO DE LA CLASIFICACIÓN DECIMAL UNIVERSAL
Número de la Clasificación Decimal Universal 908(520)
245 00 - MENCIÓN DEL TÍTULO
Título Understanding Japan /
Mención de responsabilidad, etc. by the editors of Time-Life Books.
260 ## - PUBLICACIÓN, DISTRIBUCIÓN, ETC.
Lugar de publicación, distribución, etc. Tokyo :
Nombre del editor, distribuidor, etc. International Society for Educational Information,
Fecha de publicación, distribución, etc. [1977]
300 ## - DESCRIPCIÓN FÍSICA
Extensión 98 p. :
Otras características físicas il. ;
Dimensiones 26 cm.
651 #4 - PUNTO DE ACCESO ADICIONAL DE MATERIA--NOMBRE GEOGRÁFICO
Nombre geográfico Japón-
Subdivisión general Descripción.
9 (RLIN) 8884
852 ## - LOCALIZACIÓN
Ubicación ES-MaACL
Número de control de estantería A-9924
Sublocalización o colección R.98159
Holdings
Estatus retirado Estado de pérdida Estado de daño No para préstamo Biblioteca de origen Biblioteca actual Ubicación en estantería Fecha de adquisición Fuente de adquisición Total de préstamos Signatura topográfica completa Código de barras Visto por última vez Precio de reemplazo Tipo de ítem Koha
        Biblioteca del Ateneo de Madrid Biblioteca del Ateneo de Madrid Depósito 1 17/01/2008     A-9924 1153805 23/02/2023 23/02/2023 Libro impreso